Imiona żeńskie z końcówką -na - Statystyki

Ogólne statystyki
  • Ten quiz został rozwiązany 108 razy
  • Średni wynik to 20 z 42
Statystyki odpowiedzi
Odpowiedź % Poprawnych
Anna
86%
Karolina
73%
Paulina
70%
Joanna
69%
Lena
65%
Grażyna
62%
Hanna
62%
Katarzyna
61%
Marianna
61%
Zuzanna
61%
Ewelina
58%
Iwona
57%
Magdalena
57%
Halina
55%
Justyna
55%
Alina
54%
Ilona
52%
Milena
52%
Celina
50%
Helena
50%
Martyna
50%
Marzena
50%
Janina
45%
Krystyna
45%
Bożena
43%
Marlena
43%
Adrianna
42%
Irena
42%
Karina
38%
Malwina
36%
Marcelina
36%
Antonina
35%
Michalina
35%
Nina
35%
Sabina
35%
Aldona
31%
Diana
30%
Tatiana
30%
Lucyna
29%
Roksana
24%
Faustyna
23%
Ismena
4%
Nie znaleziono quizów pasujących do podanych kryteriów
Rozkład punktacji
Procent ludzi z każdym wynikiem
Percentyl według liczby udzielonych odpowiedzi
Twoja historia wyników
Nie rozwiązałeś tego quizu